Electronics Circuits and Analysis (Record no. 595368)

000 -LEADER
fixed length control field 00390nam a22001457a 4500
020 ## - INTERNATIONAL STANDARD BOOK NUMBER
International Standard Book Number 9788184872040
040 ## - CATALOGING SOURCE
Transcribing agency NUST
082 ## - DEWEY DECIMAL CLASSIFICATION NUMBER
Classification number 621.38153 DUB
100 ## - MAIN ENTRY--PERSONAL NAME
Personal name Dube, Dinesh C
9 (RLIN) 63623
245 ## - TITLE STATEMENT
Title Electronics Circuits and Analysis
250 ## - EDITION STATEMENT
Edition statement 2th Edition
260 ## - PUBLICATION, DISTRIBUTION, ETC.
Place of publication, distribution, etc. New Delhi:
Name of publisher, distributor, etc. Narosa Publishing,
Date of publication, distribution, etc. 2013.
650 ## - SUBJECT ADDED ENTRY--TOPICAL TERM
Topical term or geographic name entry element Electronics Circuits and Analysis
9 (RLIN) 113943
942 ## - ADDED ENTRY ELEMENTS (KOHA)
Source of classification or shelving scheme
Koha item type Book
Holdings
Withdrawn status Lost status Source of classification or shelving scheme Damaged status Not for loan Permanent Location Current Location Shelving location Date acquired Total Checkouts Full call number Barcode Date last seen Price effective from Koha item type
          College of Electrical & Mechanical Engineering (CEME) College of Electrical & Mechanical Engineering (CEME) General Stacks 08/04/2023   621.38153 DUB CEME-42116 08/04/2023 08/04/2023 Book
© 2023 Central Library, National University of Sciences and Technology. All Rights Reserved.